| 000 | 00434nam a22001217a 4500 | ||
|---|---|---|---|
| 082 | _a200 THE | ||
| 100 |
_aSadaf Ayaz _970701 |
||
| 245 | _aTH-SOF-1056-DIAGNOSIS OF CHOROIDAL NEOVASCULARIZATION AND DETECTION OF DRUSENS FOR DIAGNOSIS OF AMD USING RETINAL OCT IMAGES | ||
| 260 |
_aIslamabad _bNUST College of EME _c2015 |
||
| 650 |
_aMS-CSE-13 MSTHESIS _969839 |
||
| 700 |
_aSupervisor Dr. Muhammad Usman Akram _969721 |
||
| 942 | _cCF | ||
| 999 |
_c577603 _d577603 |
||